000 00903cam a2200277 a 4500
001 4979414
003 OSt
005 20161027151515.0
008 980311s1998 enka b 001 0 eng
010 _a 98017412
020 _a0521481783
040 _aDLC
_cDLC
_dDLC
050 0 0 _aQB501
_b.T248 1998
082 0 0 _a523.2
_221
_bTAY 1998
100 1 _aTaylor, Stuart Ross
_d1925-
_98028
245 1 0 _aDestiny or Chance :
_bour solar system and its place in the cosmos
260 _bCambridge University Press,
_c1998.
300 _axvii, 229 p. :
_bill. ;
_c24 cm.
504 _aIncludes bibliographical references & index.
650 0 _aPlanets.
_98029
650 0 _aAstrophysics.
_97955
651 0 _aSolar system.
_98030
856 4 2 _3Publisher description
_uhttp://www.loc.gov/catdir/description/cam029/98017412.html
906 _a7
_bcbu
_corignew
_d1
_eocip
_f19
_gy-gencatlg
942 _2ddc
_cSLOAN
999 _c3598
_d3598